[Event "Ankara op 02"]
[Site "Ankara"]
[Date "2020.02.14"]
[Round "1"]
[White "Grabovskyi, Glib"]
[Black "Okuyucu, Mustafa Ozgur"]
[Result "0-1"]
[WhiteElo "1392"]
[BlackElo "1024"]
[PlyCount "108"]
[EventDate "2020.02.14"]
[EventType "swiss"]
[EventRounds "7"]
[EventCountry "TUR"]
[SourceTitle "CBM 195 Extra"]
[Source "ChessBase"]
[SourceDate "2020.05.31"]
[SourceVersion "1"]
[SourceVersionDate "2020.05.31"]
[SourceQuality "1"]

1. e4 e5 2. Nc3 Nc6 3. Bc4 Nf6 4. d3 Na5 5. Bb3 Bb4 6. Bd2 Nxb3 7. axb3 d5 8. Qe2 dxe4 9. Nxe4 Bxd2+ 10. Nxd2 0-0 11. Ngf3 Re8 12. 0-0 Bg4 13. Rfe1 Qd5 14. Ne4 Nxe4 15. Qxe4 Qxe4 16. Rxe4 Bxf3 17. gxf3 a6 18. Rae1 Re6 19. f4 exf4 20. Rxe6 fxe6 21. Rxe6 Kf7 22. Re4 g5 23. Kg2 Re8 24. Rxe8 Kxe8 25. h4 g4 26. b4 Kf7 27. f3 g3 28. c4 Ke6 29. d4 b5 30. b3 bxc4 31. bxc4 Kd6 32. Kh3 Kc6 33. Kg2 Kb6 34. d5 a5 35. c5+ Kb5 36. d6 cxd6 37. cxd6 Kc6 38. bxa5 Kxd6 39. a6 Kc6 40. a7 Kb7 41. a8Q+ Kxa8 42. Kf1 Kb7 43. Ke2 Kc6 44. Kf1 Kd5 45. Ke1 Ke5 46. Ke2 Kf5 47. Kf1 Kg6 48. Kg2 Kh5 49. Kh3 h6 50. Kg2 Kxh4 51. Kg1 Kh3 52. Kh1 g2+ 53. Kg1 h5 54. Kf2 Kh2 0-1